| 000 | 00873nam a2200289Ia 4500 | ||
|---|---|---|---|
| 001 | 5123 | ||
| 003 | BD-DhEWU | ||
| 005 | 20190227190701.0 | ||
| 008 | 110604s1994 bg g 000 0 eng d | ||
| 020 | _a9845081371 Paper back | ||
| 035 | _a(OCoLC) | ||
| 040 |
_aBD-DhEWU _dBD-DhEWU _beng _cBD-DhEWU |
||
| 041 | _aENG | ||
| 082 | 0 | 4 |
_a304.65492 _bBAN 1994 |
| 110 |
_aMinistry of Planning, Statistics Division, GoB,Bangladesh Bureau of Statistics, _917406 |
||
| 245 | 1 | 0 |
_aBangladesh population census, 1991 : _bnational series / |
| 260 |
_aDhaka : _bBangladesh Bureau of Statistics, _c1994. |
||
| 300 |
_axvii, 387 p. : _bill.: figures, tables, maps ; _c28 cm. |
||
| 526 | _aAS | ||
| 590 | _aTahur Ahmed | ||
| 651 |
_aBangladesh _917407 |
||
| 653 | 1 | _aPopulation Census | |
| 653 | 1 | _aSocial sciences | |
| 942 |
_cREF _2ddc _01 |
||
| 953 | _a0 | ||
| 999 |
_c5123 _d5123 |
||
| 999 |
_c5123 _d5123 |
||